[Event "Let's Play Chess!"]
[Site "http://www.queenalice.com/game.php?id=402101"]
[Date "2008.5.13"]
[Round "-"]
[White "trallala"]
[Black "monica502"]
[Result "1-0"]
[WhiteElo "1926"]
[BlackElo "1313"]

1. e4 d6 2. d4 Nc6 3. Nc3 Be6 4. d5 Bxd5 5. exd5 Ne5 6. Nf3 Nf6 7. Nxe5 dxe5 8.
Bb5+ Nd7 9. f4 a6 10. Bxd7+ Qxd7 11. fxe5 e6 12. O-O Bc5+ 13. Kh1 O-O-O 14. Bg5
Rde8 15. Ne4 b6 16. Nxc5 bxc5 17. d6 Rhf8 18. Be7 Rxe7 19. dxe7 Qxe7 20. Qf3 Kb8
21. Rad1 f6 22. Qc6 Ka7 23. Rd7 Qxd7 24. Qxd7 Rb8 25. Qxc7+ Rb7 26. Qxc5+ Rb6
27. Rd1 a5 28. Rd6 fxe5 29. Qxb6+ 1-0

[Event "Challenge"]
[Site "http://www.queenalice.com/game.php?id=404410"]
[Date "2008.5.17"]
[Round "-"]
[White "monica502"]
[Black "Claudio_C_A"]
[Result "0-1"]
[WhiteElo "1313"]
[BlackElo "1451"]

1. Nf3 f6 2. Nh4 d6 3. Nf5 Bxf5 4. h3 Qd7 5. d3 e5 6. Na3 c6 7. e4 Bg6 8. Be2
Qf7 9. Bg4 Nd7 10. O-O h5 11. Bf5 Ne7 12. Bxd7+ Kxd7 13. b3 Re8 14. Nc4 h4 15.
Qg4+ f5 16. exf5 Nxf5 17. g3 hxg3 18. Bd2 Rh4 19. Qf3 Rxh3 20. fxg3 Rxg3+ 21.
Qxg3 Nxg3 22. Rxf7+ Bxf7 23. Re1 Bd5 24. Bg5 b6 25. Re3 Nh5 26. Rh3 Bf7 27. Ne3
Nf4 28. Rf3 Be6 29. c4 Nxd3 30. a4 Nc5 31. Bh4 Nxb3 32. Bg5 Nd4 33. Kg2 Nxf3 34.
Kxf3 Be7 35. Bxe7 Kxe7 36. Kf2 Rf8+ 37. Ke2 g5 38. a5 bxa5 39. Kd2 a4 40. Kc2 g4
41. Kb2 g3 42. Ka3 Bxc4 43. Kxa4 Bf1 44. Kb4 c5+ 45. Kb3 Rf3 46. Kb2 Rxe3 0-1

[Event "AUTO-BEG-219"]
[Site "http://www.queenalice.com/game.php?id=405011"]
[Date "2008.5.18"]
[Round "1"]
[White "Gansothedark"]
[Black "monica502"]
[Result "1-0"]
[WhiteElo "1292"]
[BlackElo "1260"]

1. d4 g5 2. Bxg5 Nc6 3. d5 Ne5 4. e4 d6 5. Nf3 Bh6 6. Bb5+ Bd7 7. Qd4 f6 8. Bxh6
Nxh6 9. Nc3 c6 10. dxc6 bxc6 11. Ba4 c5 12. Qd5 Qc7 13. Nxe5 dxe5 14. Qxa8+ Kf7
15. Qxh8 Ke6 16. Qxh7 Nf7 17. Qf5+ Kd6 18. Rd1# 1-0

[Event "AUTO-BEG-219"]
[Site "http://www.queenalice.com/game.php?id=405012"]
[Date "2008.5.18"]
[Round "1"]
[White "monica502"]
[Black "Gansothedark"]
[Result "0-1"]
[WhiteElo "1286"]
[BlackElo "1276"]

1. d4 d5 2. Nf3 Nf6 3. Ne5 Bf5 4. e3 e6 5. Bb5+ c6 6. Bd3 Nbd7 7. Qf3 Nxe5 8.
dxe5 Bg4 9. Qf4 Qa5+ 10. Nd2 Ne4 11. O-O Bh5 12. b3 Nxd2 13. Re1 Nf3+ 14. Kf1
Qxe1# 0-1

[Event "AUTO-BEG-219"]
[Site "http://www.queenalice.com/game.php?id=405025"]
[Date "2008.5.18"]
[Round "1"]
[White "Don_Mutreta"]
[Black "monica502"]
[Result "1-0"]
[WhiteElo "1591"]
[BlackElo "1293"]

1. d4 Nc6 2. d5 Nb4 3. Nc3 a6 4. a3 Nxc2+ 5. Qxc2 e6 6. e4 e5 7. Nf3 d6 8. Bd3
Nf6 9. O-O g6 10. Bg5 Be7 11. b4 Nh5 12. Qd2 f6 13. Be3 Bg4 14. Be2 f5 15. exf5
Bxf5 16. b5 Qd7 17. a4 a5 18. Ng5 Bf6 19. Ne6 Qc8 20. Bg5 Bxe6 21. dxe6 Qxe6 22.
Bxf6 Rf8 23. Bg5 Rc8 24. Bxh5 gxh5 25. Ne4 b6 26. Bh6 Rf7 27. Ng5 Rd8 28. Nxe6
Rdd7 29. Qg5 Rxf2 30. Rxf2 c5 31. Rf8# 1-0

[Event "AUTO-BEG-219"]
[Site "http://www.queenalice.com/game.php?id=405026"]
[Date "2008.5.18"]
[Round "1"]
[White "monica502"]
[Black "Don_Mutreta"]
[Result "0-1"]
[WhiteElo "1238"]
[BlackElo "1599"]

1. e3 e5 2. Nc3 Nc6 3. b3 g6 4. Qf3 Qf6 5. Bb2 Qxf3 6. Nxf3 Bg7 7. Nd5 Kd8 8.
Ng5 Nh6 9. g3 Rf8 10. Bb5 f6 11. Nf3 a6 12. Bd3 d6 13. e4 Be6 14. Nf4 exf4 15.
O-O-O fxg3 16. hxg3 Ng4 17. Rxh7 Nxf2 18. Rf1 Nxd3+ 19. cxd3 Rg8 20. Rh2 Nb4 21.
Kb1 Nxd3 22. Ba3 f5 23. Ng5 Bd7 24. Nf7+ Ke7 25. Ng5 Be5 26. Rg2 Kf6 27. Nf3 Bc6
28. exf5 gxf5 29. Re2 Rxg3 30. Nxe5 Nxe5 31. d4 Bb5 32. Bxd6 Bxe2 33. Bxe5+ Kg5
34. Bf4+ Kg4 35. Bxc7 Bxf1 36. Kb2 Rd3 37. Be5 Re8 38. b4 Rxe5 39. dxe5 Re3 40.
e6 Rxe6 0-1

[Event "Challenge"]
[Site "http://www.queenalice.com/game.php?id=408898"]
[Date "2008.5.27"]
[Round "-"]
[White "Tlaloc2k"]
[Black "monica502"]
[Result "1-0"]
[WhiteElo "1613"]
[BlackElo "1240"]

1. e4 d6 2. d4 g6 3. d5 Bd7 4. Nf3 Na6 5. Bxa6 bxa6 6. Be3 e5 7. Nc3 Bh6 8. Bxh6
Nxh6 9. O-O c6 10. Qd2 Ng8 11. Ng5 f6 12. Nf3 Ne7 13. Qh6 Bg4 14. Qg7 Rf8 15.
Qxh7 Bh5 16. Qh6 Rb8 17. b3 cxd5 18. Qd2 d4 19. Nd5 Bxf3 20. gxf3 Nxd5 21. exd5
Qd7 22. Qd3 Rg8 23. Rae1 Rb5 24. Qxd4 Rb7 25. Qd3 Qc6 26. dxc6 Ke7 27. cxb7 Rb8
28. Qxa6 Rd8 29. Qxa7 g5 30. b8=R+ Ke6 31. Rxd8 Kf5 32. Re4 g4 33. Qd7+ Kg6 34.
Rxg4+ Kh5 35. Qh7# 1-0

[Event "Mr. Krupp vs. Ms. Ribble"]
[Site "http://www.queenalice.com/game.php?id=409997"]
[Date "2008.5.29"]
[Round "-"]
[White "trallala"]
[Black "monica502"]
[Result "1-0"]
[WhiteElo "1989"]
[BlackElo "1313"]

1. e4 e5 2. f4 d6 3. Nf3 Nd7 4. Bc4 Ngf6 5. Ng5 Nc5 6. Bxf7+ Ke7 7. Bd5 c6 8. d4
cxd5 9. dxc5 dxc5 10. O-O d4 11. fxe5 Ng4 12. Nf7 Qa5 13. Nxh8 Nxe5 14. Qh5 c4
15. Nf7 g6 16. Qxh7 Ke8 17. Nxe5 Qxe5 18. Qf7+ Kd8 19. Qxf8+ Kd7 20. Qg8 Qf6 21.
Rxf6 Kc7 22. Bf4+ 1-0

[Event "Challenge"]
[Site "http://www.queenalice.com/game.php?id=410029"]
[Date "2008.5.29"]
[Round "-"]
[White "monica502"]
[Black "Tlaloc2k"]
[Result "0-1"]
[WhiteElo "1195"]
[BlackElo "1623"]

1. Nc3 e6 2. Nf3 d5 3. d4 Bd6 4. Bg5 f6 5. Be3 g5 6. a3 h6 7. g4 Nc6 8. Bg2 Qe7
9. Nd2 Bd7 10. f3 O-O-O 11. Bf2 Qf7 12. e4 dxe4 13. fxe4 f5 14. O-O f4 15. d5
exd5 16. exd5 Ne5 17. Nce4 Bxg4 18. Qc1 f3 19. Nxf3 Bxf3 20. Re1 Bxg2 21. Qe3
Nf3+ 22. Qxf3 Bxf3 23. Rf1 Be5 24. Be1 Qxd5 25. Bg3 Qd4+ 26. Nf2 Bf4 27. Bxf4
Qxf4 28. Rfe1 Nf6 29. b4 Rd2 30. Rf1 Nh5 31. Rfe1 Be4 32. Rxe4 Qxf2+ 0-1

[Event "Challenge"]
[Site "http://www.queenalice.com/game.php?id=410570"]
[Date "2008.5.30"]
[Round "-"]
[White "jcmobregon"]
[Black "monica502"]
[Result "1-0"]
[WhiteElo "2197"]
[BlackElo "1260"]

1. c4 Nc6 2. g3 g6 3. Bg2 d6 4. Nf3 Bg4 5. O-O f6 6. Nc3 Ne5 7. Nxe5 fxe5 8.
Bxb7 Rb8 9. Bg2 Be6 10. d3 Bh6 11. Bxh6 Nxh6 12. Qd2 Nf7 13. b3 Qd7 14. Nd5 c6
15. Nb4 c5 16. Bc6 Rxb4 17. Bxd7+ Bxd7 18. Qc3 Rb5 19. cxb5 Bxb5 20. b4 O-O 21.
a4 Bc6 22. bxc5 a5 23. cxd6 exd6 24. Qxc6 Nd8 25. Qxd6 Nf7 26. Qd5 e4 27. Qxe4
Nd6 28. Qd5+ Nf7 29. Rab1 h5 30. Rb6 Rd8 31. Rxg6+ Kf8 32. Qc5+ Rd6 33. Rxd6
Nxd6 34. Qxd6+ Ke8 35. Rc1 Kf7 36. Rc7+ Kg8 37. Qd8# 1-0

[Event "Challenge"]
[Site "http://www.queenalice.com/game.php?id=410571"]
[Date "2008.5.30"]
[Round "-"]
[White "monica502"]
[Black "jcmobregon"]
[Result "0-1"]
[WhiteElo "1293"]
[BlackElo "2195"]

1. d4 Nf6 2. Bg5 e6 3. Nc3 Be7 4. Qd2 d5 5. O-O-O O-O 6. e3 Nbd7 7. Bb5 c6 8.
Bd3 e5 9. Bf5 e4 10. f3 exf3 11. Qd3 fxg2 12. Rd2 gxh1=Q 13. Rd1 Qxh2 14. Bf4
Qh5 15. Bxh7+ Qxh7 16. Kb1 Qxd3 17. Rxd3 Ne4 18. Nd1 Bg5 19. Bd6 Nxd6 20. b3 Ne4
21. c4 Qa5 22. c5 b6 23. Nf3 bxc5 24. dxc5 Ndxc5 25. Nxg5 Nxd3 26. Nxe4 dxe4 27.
a4 Qd2 28. Nf2 Qb2# 0-1

[Event "Challenge"]
[Site "http://www.queenalice.com/game.php?id=411020"]
[Date "2008.5.31"]
[Round "-"]
[White "Claudio_C_A"]
[Black "monica502"]
[Result "1-0"]
[WhiteElo "1471"]
[BlackElo "1236"]

1. e4 e5 2. f3 Nc6 3. c3 g6 4. Bc4 Be7 5. f4 d6 6. fxe5 Nxe5 7. Be2 b6 8. d4 Nc6
9. Bc4 Bh4+ 10. g3 Be7 11. Qf3 Nf6 12. Ne2 Na5 13. Bb5+ Bd7 14. Ba6 c6 15. Bd3
Rb8 16. Be3 Nb3 17. axb3 a5 18. Nd2 Qc7 19. h3 c5 20. d5 Nh5 21. Rf1 Qc8 22.
Qxf7+ Kd8 23. O-O-O Bxh3 24. Rf2 Bd7 25. e5 b5 26. exd6 Rb6 27. Qxe7# 1-0

[Event "Challenge"]
[Site "http://www.queenalice.com/game.php?id=411517"]
[Date "2008.6.1"]
[Round "-"]
[White "marcobianchi"]
[Black "monica502"]
[Result "1-0"]
[WhiteElo "2093"]
[BlackElo "1206"]

1. d4 d5 2. c4 e6 3. Nc3 Nf6 4. Bg5 Nc6 5. e3 dxc4 6. Nf3 Be7 7. Bxc4 Nb4 8. a3
Ng4 9. Bxe7 Qxe7 10. axb4 O-O 11. O-O b6 12. Qb3 e5 13. dxe5 h6 14. h3 Be6 15.
Bxe6 Qxe6 16. Qxe6 fxe6 17. hxg4 Rad8 18. Rfd1 Rde8 19. Rd7 Rf7 20. Rxf7 Kxf7
21. Rxa7 Re7 22. Nb5 g6 23. Rxc7 Kf8 24. Rxe7 Kxe7 25. Nfd4 h5 26. g5 1-0

[Event "AUTO-BEG-223"]
[Site "http://www.queenalice.com/game.php?id=415214"]
[Date "2008.6.9"]
[Round "1"]
[White "mar08n"]
[Black "monica502"]
[Result "1-0"]
[WhiteElo "1311"]
[BlackElo "1204"]

1. Nf3 d5 2. e3 Nf6 3. Bb5+ Bd7 4. Nc3 e6 5. Ne5 c6 6. Ba4 Bb4 7. a3 Bxc3 8.
bxc3 O-O 9. Qf3 b5 10. Bb3 Na6 11. a4 g6 12. h4 Nc5 13. Ng4 Nxb3 14. Nxf6+ Kg7
15. h5 Nxa1 16. h6+ Kh8 17. Nxd7 Qxd7 18. Qf6+ Kg8 19. Qg7# 1-0

[Event "AUTO-BEG-223"]
[Site "http://www.queenalice.com/game.php?id=415215"]
[Date "2008.6.9"]
[Round "1"]
[White "monica502"]
[Black "mar08n"]
[Result "0-1"]
[WhiteElo "1206"]
[BlackElo "1383"]

1. Nc3 Nf6 2. d4 e6 3. Bg5 h6 4. Bf4 Ng4 5. e3 Nc6 6. d5 Nb4 7. Ne4 f5 8. Ng3
Qf6 9. Qf3 Nxc2+ 10. Ke2 Nxa1 11. Kd3 Qxb2 12. Qd1 Nxf2+ 13. Kc4 Nxd1 14. Bd3
Qc3+ 0-1

[Event "AUTO-BEG-223"]
[Site "http://www.queenalice.com/game.php?id=415232"]
[Date "2008.6.9"]
[Round "1"]
[White "monica502"]
[Black "ivanelterrible_2006"]
[Result "0-1"]
[WhiteElo "1188"]
[BlackElo "1476"]

1. d4 e6 2. h4 d5 3. e3 c5 4. Bb5+ Bd7 5. Bxd7+ Nxd7 6. a3 Ngf6 7. Nf3 Rc8 8.
Ne5 Nxe5 9. dxe5 Nd7 10. f4 Be7 11. g3 b5 12. Qg4 O-O 13. Nc3 f6 14. Qxe6+ Kh8
15. Nxd5 fxe5 16. e4 Bf6 17. Be3 Nb8 18. Kf2 Rc6 19. Rad1 Rxe6 20. f5 Be7 21. b4
Na6 22. Nf4 Qxd1 23. Rxd1 exf4 24. Bxf4 Rxe4 25. Bg5 cxb4 26. axb4 Nxb4 27. Bd2
Rxf5+ 28. Kg1 Nxc2 29. Rc1 Nd4 0-1

[Event "AUTO-BEG-223"]
[Site "http://www.queenalice.com/game.php?id=415234"]
[Date "2008.6.9"]
[Round "1"]
[White "monica502"]
[Black "ferreirabsd"]
[Result "0-1"]
[WhiteElo "1204"]
[BlackElo "1322"]

1. d4 Nf6 2. Bg5 d6 3. g3 g6 4. Bh3 Bg7 5. Nf3 Bxh3 6. Nc3 O-O 7. Qd2 Re8 8. b3
c5 9. d5 e6 10. Ne4 Nxe4 11. Qe3 Nxg5 12. O-O-O Qa5 13. Nxg5 Bg2 14. Rhg1 Bxd5
15. Qd3 Qxa2 16. Kd2 Bh6 17. f4 Na6 18. h4 Nb4 0-1

[Event "AUTO-BEG-223"]
[Site "http://www.queenalice.com/game.php?id=415235"]
[Date "2008.6.9"]
[Round "1"]
[White "ferreirabsd"]
[Black "monica502"]
[Result "1-0"]
[WhiteElo "1670"]
[BlackElo "1190"]

1. c4 d6 2. Nc3 Be6 3. e4 c6 4. d4 g6 5. Bd3 Qa5 6. Ne2 Nd7 7. O-O Bh6 8. d5
O-O-O 9. dxe6 Bxc1 10. Rxc1 d5 11. exd7+ Rxd7 12. Rb1 Nf6 13. b4 Qxa2 14. Ra1
Qxc4 15. Bxc4 Nxe4 16. Bb3 d4 17. Nxe4 f5 18. Nc5 Rd6 19. Ne6 Re8 20. N2xd4 h5
21. Rc1 a6 22. Ba4 Red8 23. Qf3 Rxe6 24. Nxe6 Rd6 25. Bxc6 Kb8 26. Bxb7 Rxe6 27.
Ba8 1-0

[Event "One of these days..."]
[Site "http://www.queenalice.com/game.php?id=419360"]
[Date "2008.6.18"]
[Round "-"]
[White "monica502"]
[Black "Tlaloc2k"]
[Result "0-1"]
[WhiteElo "1206"]
[BlackElo "1634"]

1. b3 e5 2. Ba3 Bxa3 3. Nxa3 Qe7 4. Nc4 d5 5. Ne3 Nf6 6. Qc1 d4 7. Nd1 Bf5 8. e3
dxe3 9. dxe3 Nc6 10. Qd2 Nd7 11. Nc3 O-O-O 12. Nd5 Qg5 13. g3 Be6 14. Bc4 Nc5
15. Nh3 Qg4 16. Ne7+ Nxe7 17. Ng1 Rxd2 18. Kxd2 Ne4+ 19. Kc1 Nxf2 20. h3 Qe4 21.
Ne2 Qxh1+ 22. Kb2 Qg2 23. Rc1 Bxc4 24. Nc3 Nd3+ 25. Kb1 Nxc1 26. Nd1 Qd2 27. e4
Be6 0-1

[Event "Challenge"]
[Site "http://www.queenalice.com/game.php?id=424426"]
[Date "2008.6.28"]
[Round "-"]
[White "ORNELAS"]
[Black "monica502"]
[Result "1-0"]
[WhiteElo "1702"]
[BlackElo "1192"]

1. b3 e5 2. Bb2 Bd6 3. d4 Qf6 4. g3 b6 5. dxe5 Bxe5 6. c3 Nc6 7. Bg2 Bb7 8. Nf3
O-O-O 9. Nbd2 Ba6 10. Ne4 Qe6 11. O-O Nge7 12. Neg5 Qd6 13. Qxd6 Bxd6 14. Nxf7
Bxe2 15. Rfe1 Bxf3 16. Bxf3 Rhf8 17. Nxd8 Rxd8 18. Bg2 h6 19. b4 Ne5 20. a4 Nd3
21. Re2 g5 22. Rd2 Nxb2 23. Rxb2 Be5 24. Rc1 Nf5 25. a5 1-0